000
00308nam a22001337a 4500
008
181121b xxu||||| |||| 00| 0 eng d
020
_a
v9780132698160
041
_a
eng
080
_2
6 th
_a
370
100
_a
49
101
_a
edu
245
_a
Methods Effective Teaching
_c
Burdena.f.r
942
_2
udc
_c
BK
999
_c
52304
_d
52304